Normal view
MARC view
Entry Topical Term
001 - CONTROL NUMBER
- control field: 30875
003 - CONTROL NUMBER IDENTIFIER
- control field: OSt
005 - DATE AND TIME OF LATEST TRANSACTION
- control field: 20220427104913.0
008 - FIXED-LENGTH DATA ELEMENTS
- fixed length control field: 220427|| aca||aabn | a|a d
040 ## - CATALOGING SOURCE
- Original cataloging agency: OSt
- Transcribing agency: OSt
150 ## - HEADING--TOPICAL TERM
- Topical term or geographic name entry element: COVID-19, Price gouging, Shortages, Price controls, Panic buying
670 ## - SOURCE DATA FOUND
- Source citation: Work cat.: (OSt): Chakraborti, R. Roberts, G. 30874, Learning to hoard: The effects of preexisting and surprise price-gouging regulation during the Covid-19 pandemic
